[Event "Challenge"]
[Site "http://www.queenalice.com/game.php?id=635014"]
[Date "2009.8.12"]
[Round "-"]
[White "Legiao"]
[Black "RobinL"]
[Result "0-1"]
[WhiteElo "1135"]
[BlackElo "1195"]

1. e4 e5 2. Bc4 Nf6 3. g4 Nxe4 4. Qf3 Nd6 5. Bb3 f6 6. c4 c6 7. c5 Nb5 8. g5 Nd4
9. Qh5+ g6 10. Qf3 Nxf3+ 11. Nxf3 Bxc5 12. gxf6 Qxf6 13. Ng1 d5 14. a4 Qxf2+ 15.
Kd1 Qf1+ 16. Kc2 Bf5+ 17. Kc3 Qxc1+ 18. Bc2 Qxc2# 0-1

[Event "Challenge"]
[Site "http://www.queenalice.com/game.php?id=635640"]
[Date "2009.8.13"]
[Round "-"]
[White "RobinL"]
[Black "thomas01"]
[Result "1-0"]
[WhiteElo "1160"]
[BlackElo "1458"]

1. Nf3 Nf6 2. Nc3 d5 3. d4 e6 4. Bg5 Bb4 5. a3 Ba5 6. Qd3 h6 7. Bxf6 Qxf6 8.
O-O-O c6 9. e4 Bc7 10. e5 Qh4 11. Nxh4 b6 12. f4 Ba6 13. Qg3 Rg8 14. f5 b5 15.
Ne2 Ba5 16. f6 gxf6 17. Qxg8+ Ke7 18. b4 Nd7 19. Qxa8 Nb6 20. Qxc6 Bc8 21. bxa5
Bd7 22. Qd6+ Kd8 23. axb6 axb6 24. Qb8+ 1-0

[Event "AUTO-BEG-344"]
[Site "http://www.queenalice.com/game.php?id=662714"]
[Date "2009.10.4"]
[Round "1"]
[White "AndreBerton"]
[Black "RobinL"]
[Result "1-0"]
[WhiteElo "1279"]
[BlackElo "1278"]

1. e4 e5 2. Nc3 Nf6 3. d3 Bb4 4. a3 Bxc3+ 5. bxc3 d5 6. d4 Nxe4 7. Qe2 Nc6 8.
Nf3 f6 9. Nh4 Nxc3 10. Qh5+ Ke7 11. Nf5+ Bxf5 12. Qxf5 Nxd4 13. Qd3 Ne4 14. Be3
c5 15. Qd1 Nf5 16. Qg4 g6 17. Rb1 Qa5+ 18. Ke2 Nc3+ 19. Kf3 Nxe3 20. Rxb7+ Kf8
21. Qe6 e4+ 22. Kf4 g5+ 23. Kg3 Nf5+ 24. Qxf5 Qd8 25. Qe6 Qe8 26. Qxf6+ 1-0

[Event "AUTO-BEG-344"]
[Site "http://www.queenalice.com/game.php?id=662715"]
[Date "2009.10.4"]
[Round "1"]
[White "RobinL"]
[Black "AndreBerton"]
[Result "1-0"]
[WhiteElo "1262"]
[BlackElo "1295"]

1. e4 e5 2. Nf3 Nc6 3. d4 d6 4. d5 Nb4 5. Nc3 a6 6. a3 Nxc2+ 7. Qxc2 Bg4 8. Be2
h6 9. Bb5+ axb5 10. Nxb5 Ra5 11. Nxc7+ Kd7 12. b4 Qxc7 13. Qxc7+ Kxc7 14. bxa5
Nf6 15. Nd2 Be7 16. f3 Bd7 17. Nc4 b5 18. Nb6 Be8 19. Be3 g5 20. a4 b4 21. Rb1
Nh5 22. Rxb4 f6 23. a6 Bg6 24. a7 Kb7 25. Nc8+ Kc7 26. a8=Q Rxc8 27. Qb7+ Kd8
28. Bb6+ Rc7 29. Qxc7+ Ke8 30. Be3 f5 31. Rb7 Kf8 32. Qxe7+ 1-0

[Event "AUTO-BEG-344"]
[Site "http://www.queenalice.com/game.php?id=662722"]
[Date "2009.10.4"]
[Round "1"]
[White "RobinL"]
[Black "DRL"]
[Result "1-0"]
[WhiteElo "1291"]
[BlackElo "1025"]

1. e4 e5 2. Nf3 Nc6 3. d4 Bd6 4. d5 Bb4+ 5. c3 Bc5 6. dxc6 Nf6 7. Be3 Nxe4 8.
Bxc5 Nxc5 9. Nxe5 Qe7 10. Be2 Qxe5 11. O-O dxc6 12. Re1 Be6 13. Nd2 O-O-O 14.
Bg4 f5 15. Rxe5 b6 16. Bxf5 Bxf5 17. Rxf5 Nd3 18. Qf3 Nxb2 19. Qf4 g6 20. Rf6
Nd3 21. Qg4+ Kb7 22. Qg3 a5 23. Rf7 Nc5 24. Qxc7+ Ka6 25. c4 a4 26. Qa7# 1-0

[Event "AUTO-BEG-344"]
[Site "http://www.queenalice.com/game.php?id=662723"]
[Date "2009.10.4"]
[Round "1"]
[White "DRL"]
[Black "RobinL"]
[Result "0-1"]
[WhiteElo "1020"]
[BlackElo "1296"]

1. e4 e5 2. Nf3 Nc6 3. d3 Nf6 4. Nc3 d5 5. Be2 d4 6. Nd5 Nxd5 7. c4 dxc3 8. bxc3
Nxc3 9. Qd2 Bb4 10. O-O Nxe4 11. Qc2 Nd6 12. d4 Bf5 13. Qb3 O-O 14. dxe5 Ne4 15.
a3 Nd2 16. Bxd2 Bxd2 17. Nxd2 Qxd2 18. Qxb7 Qxe2 19. Qxc7 Nxe5 20. a4 Nc4 21.
Rac1 Nd2 22. Rfe1 Qg4 23. Qd6 Nf3+ 24. Kh1 Nxe1 25. Rxe1 Rfe8 26. Qd2 Rad8 27.
Qc1 Rxe1+ 28. Qxe1 Rd1 0-1

[Event "Challenge"]
[Site "http://www.queenalice.com/game.php?id=686946"]
[Date "2009.11.22"]
[Round "-"]
[White "alysson_wander"]
[Black "RobinL"]
[Result "0-1"]
[WhiteElo "1222"]
[BlackElo "1307"]

1. d4 Nf6 2. c3 d5 3. f4 Bg4 4. h3 Bf5 5. Qa4+ c6 6. Nf3 e6 7. Qb3 Qc7 8. Ne5
Bd6 9. g4 Be4 10. Rg1 h6 11. a4 Qb6 0-1

[Event "Challenge"]
[Site "http://www.queenalice.com/game.php?id=687057"]
[Date "2009.11.22"]
[Round "-"]
[White "RobinL"]
[Black "FENIX_RJ"]
[Result "1-0"]
[WhiteElo "1339"]
[BlackElo "1464"]

1. e4 e5 2. Nf3 Qf6 3. d3 Bc5 4. Be3 Bb4+ 5. c3 Ba5 6. Nbd2 d5 7. d4 Nc6 8. exd5
Nce7 9. Bc4 Bg4 10. h3 Bf5 11. Qa4+ c6 12. Qxa5 b6 13. Qb4 cxd5 14. Bb5+ Nc6 15.
Bxc6+ Qxc6 16. dxe5 Qg6 17. Nh4 Qe6 18. Nxf5 Qxf5 19. Qb5+ Ke7 20. Qxd5 Rd8 21.
Qe4 Qh5 22. O-O f5 23. Qf4 Nh6 24. b4 Rhf8 25. f3 g5 26. Qxg5+ Qxg5 27. Bxg5+
Ke6 28. Bxh6 Rg8 29. Rad1 Rg6 30. Nc4 Ke7 31. Rxd8 Kxd8 32. Rd1+ Ke7 33. Rd6 b5
34. Rxg6 hxg6 35. Nd6 Ke6 36. Nxb5 a6 37. Nc7+ Kxe5 38. Nxa6 f4 39. Kf2 Kf5 40.
b5 Ke5 41. b6 Kf5 42. b7 1-0

[Event "Challenge"]
[Site "http://www.queenalice.com/game.php?id=704347"]
[Date "2009.12.27"]
[Round "-"]
[White "sermino50"]
[Black "RobinL"]
[Result "0-1"]
[WhiteElo "1352"]
[BlackElo "1320"]

1. e3 d5 2. Na3 Nf6 3. f3 g6 4. f4 Bg7 5. c4 c6 6. cxd5 Nxd5 7. Nh3 e5 8. e4
Nxf4 9. Nc4 O-O 10. Qb3 Nd7 11. Nd6 Qe7 12. Nc4 Nc5 13. Qg3 Nxe4 14. Qe3 Bf5 15.
Nxf4 exf4 16. Qxf4 Ng3+ 17. Qe3 Qxe3+ 18. dxe3 b5 19. hxg3 bxc4 20. Bxc4 Rab8
21. b3 Bxa1 22. Ba3 Rfe8 23. Kd2 Be5 24. Rf1 Rbd8+ 25. Ke2 Rd7 26. b4 Bxg3 27.
b5 Bg4+ 28. Rf3 Bxf3+ 29. Kf1 Rd1# 0-1

[Event "Challenge"]
[Site "http://www.queenalice.com/game.php?id=706054"]
[Date "2009.12.30"]
[Round "-"]
[White "odinn"]
[Black "RobinL"]
[Result "0-1"]
[WhiteElo "1051"]
[BlackElo "1301"]

1. e4 e5 2. Nf3 d6 3. Nc3 Nf6 4. Bc4 Be6 5. Bxe6 fxe6 6. d3 d5 7. Bg5 d4 8. Nb5
c6 9. Bxf6 gxf6 10. Na3 f5 11. Nxe5 Bb4+ 12. c3 dxc3 13. bxc3 Bxc3+ 14. Kf1 Bxe5
15. Rb1 fxe4 16. Nc4 Qf6 17. Qb3 Rf8 18. Qxb7 Qxf2# 0-1

[Event "AUTO-BEG-344"]
[Site "http://www.queenalice.com/game.php?id=734576"]
[Date "2010.2.19"]
[Round "2"]
[White "maurice91"]
[Black "RobinL"]
[Result "1-0"]
[WhiteElo "1687"]
[BlackElo "1392"]

1. f4 g6 2. Nf3 Nf6 3. e3 Bg7 4. Be2 O-O 5. O-O d6 6. c4 c5 7. Nc3 d5 8. cxd5
Nxd5 9. Nxd5 Qxd5 10. d3 e5 11. fxe5 Bxe5 12. Qc2 Nd7 13. a3 1-0

[Event "AUTO-BEG-344"]
[Site "http://www.queenalice.com/game.php?id=734577"]
[Date "2010.2.19"]
[Round "2"]
[White "RobinL"]
[Black "maurice91"]
[Result "0-1"]
[WhiteElo "1388"]
[BlackElo "1691"]

1. e4 c5 2. Nf3 e6 3. d4 cxd4 4. Nxd4 d5 5. e5 Bc5 6. c3 Ne7 7. Bd3 Nbc6 8. Be3
Nxe5 9. Nxe6 Nxd3+ 10. Qxd3 Bxe6 11. Bxc5 b6 12. Bxe7 Qxe7 13. Nd2 O-O 0-1